000 00553nam a2200217 a 4500
001 0001-2260
003 ELIB.Books
008 190812 2010 eng
020 _a13: 9781576580172
092 _aB
_bBen
100 _aBenge, Janet.
245 _aChristian Heroes: Then & Now Nate Saint
260 _aSeattle, WA:
_bYWAM
_c2012
300 _a201
_c20.5 Cm
650 _aBiography
856 _nKBTS Library
_uKBTS Elib
942 _2ddc
_cBK
990 _a1
998 _aEnglishbooks.elf
_ccat
_e2019-08-12
999 _c12260
_d12260